Cities in Other Languages - Statistics

General Stats
  • This quiz has been taken 27 times
    6 since last reset
  • The average score is 17 of 20
Answer Stats
City Language English name % Correct
Amusuterudamu Japanese Amsterdam
100%
Bangarōru Japanese Bangalore
100%
Berurin Japanese Berlin
100%
Boqota Azerbaijani Bogota
100%
Boloňa Czech Bologna
100%
Bruselas Spanish Brussels
100%
Boekarest Dutch Bucharest
100%
Le Caire French Cairo
100%
Damaszek Polish Damascus
100%
Flūransah Arabic Florence
100%
Gotemburgo Portuguese Gothenburg
100%
Giacarta Italian Jakarta
100%
Quinxassa Portuguese Kinshasa
100%
Kuararunpūru Japanese Kuala Lumpur
100%
Quioto Galician Kyoto
100%
Layptsig Mongolian Leipzig
100%
Londra Turkish London
100%
Londra Italian London
100%
Manille French Manila
100%
Miluoki Russian Milwaukee
100%
Myunkhen Kazakh Munich
100%
Neapel German Naples
100%
Neapel Danish Naples
100%
Ny Jork Danish New York City
100%
Nikozija Croatian Nicosia
100%
Filadelfie Czech Philadelphia
100%
Puerto Príncipe Spanish Port au Prince
100%
Pjöngjang German Pyongyang
100%
Şanghay Turkish Shanghai
100%
Surabajo Esperanto Surabaya
100%
Teheráni Greek Tehran
100%
Haag Norwegian The Hague
100%
Tocio Latin Tokyo
100%
Venetië Dutch Venice
100%
Wenen Dutch Vienna
100%
Władywostok Polish Vladivostok
100%
Tolosa Spanish Toulouse
75%
Kapstadt German Cape Town
67%
Qurṭubah Arabic Cordoba
67%
Tayipē Amharic Taipei
67%
Tangeri Italian Tangier
67%
İskenderiye Turkish Alexandria
50%
Bacu Portuguese Baku
50%
Nanchino Italian Nanjing
50%
Tsingtao Italian Qingdao
50%
Estocolmo Spanish Stockholm
50%
Wankuwir Quechua Vancouver
50%
Rabbat Ammon Hebrew Amman
33%
Qoyaniya Azerbaijani Goiania
33%
Antuairp Irish Antwerp
0%
Krung Thep Maha Nakhon Thai Bangkok
0%
Pékin French Beijing
0%
Jabal Ṭāriq Arabic Gibraltar
0%
Cantão Portuguese Guangzhou
0%
Hamborg Danish Hamburg
0%
Cartúm Irish Khartoum
0%
San Paolo Italian Sao Paulo
0%
Szöul Hungarian Seoul
0%
Vinnipeq Azerbaijani Winnipeg
0%
Jekaterinburgas Lithuanian Yekaterinburg
0%
No matching quizzes found
Score Distribution
Percent of People with Each Score
Percentile by Number Answered
Your Score History
You have not taken this quiz since the last reset